Landen van de EU (Europese Unie) - Statistieken

Algemene statistieken
  • Deze quiz is 578 keer genomen
  • De gemiddelde score is 23 van 27
Antwoordstatistieken
Antwoord % Correct
België
98%
Frankrijk
94%
Duitsland
93%
Nederland
93%
Spanje
92%
Finland
90%
Portugal
90%
Zweden
90%
Bulgarije
85%
Italië
85%
Denemarken
84%
Estland
84%
Hongarije
84%
Letland
83%
Ierland
82%
Litouwen
82%
Oostenrijk
82%
Polen
82%
Griekenland
81%
Kroatië
80%
Slowakije
79%
Luxemburg
77%
Slovenië
77%
Tsjechië
76%
Cyprus
75%
Malta
75%
Roemenië
69%
Geen overeenkomende quizzen gevonden
Scoreverdeling
Procent van Mensen met Elke Score
Percentiel versus Aantal Correcte Antwoorden
Uw Scoregeschiedenis
U heeft deze quiz nog niet genomen